| 000 | 01275nam a2200373 c 4500 | ||
|---|---|---|---|
| 999 |
_c49476 _d49476 |
||
| 001 | 49476 | ||
| 003 | ES-MaCES | ||
| 005 | 20170529140304.0 | ||
| 008 | 170529s2017 sp 000 | spa d | ||
| 017 |
_aAB 238-2017 _bDL |
||
| 020 | _a9788416608737 | ||
| 040 |
_aES-MaCES _bspa _cES-MaCES |
||
| 245 | 0 | 0 |
_aManual de prevención de riesgos laborales _c[autores], Lucía Armero Fernández ... [et al.] ; [María José Romero Rodenas, Francisco Trillo Párraga, (dirs.)] |
| 250 | _a3ª ed. rev | ||
| 260 |
_aAlbacete _bBomarzo _c2017 |
||
| 300 |
_a302 p. _c27 cm |
||
| 490 | 1 | _aManuales prácticos | |
| 541 | _cCompra | ||
| 650 | 4 |
_ariesgo _929564 |
|
| 650 | 4 |
_acondiciones de trabajo _928327 |
|
| 650 | 4 |
_aseguridad en el trabajo _928348 |
|
| 650 | 4 |
_asalud en el trabajo _928347 |
|
| 650 | 4 |
_aEspaña _926964 |
|
| 650 | 4 |
_arégimen jurídico _929894 |
|
| 650 | 4 |
_amanual _929264 |
|
| 653 | 1 | 0 | _aSalud |
| 700 | 1 |
_aArmero Fernández, Lucía _935677 |
|
| 700 | 1 |
_aRomero Ródenas, María José _922592 _edir. |
|
| 700 | 1 |
_aTrillo Párraga, Francisco José _925182 _edir. |
|
| 775 | 0 |
_tManual de prevención de riesgos laborales _w(ES-MaCES)45854 |
|
| 830 | 0 |
_aManuales prácticos (Editorial Bomarzo) _934603 |
|
| 902 | _aLIB Libro | ||
| 942 |
_2CES _cBK _h3.1. |
||